Kontrola a jej úloha v boji s korupciou

Saved in:
Bibliographic Details
Main Author: Klíma, Anton
Other Authors: Sičáková, Emília, Karchňák, Martin
Format: Book
Language:Slovak
Published: Bratislava Róbert Vico - vydavateľstvo 2001
Series:Protikorupčné nástroje
Subjects:
Tags: Add Tag
No Tags, Be the first to tag this record!

MARC

LEADER 00000nam a2200000 4500
001 c138262
005 20221124104627.1
020 |a 80-89041-21-3 
041 0 |a slo 
044 |a SK 
245 1 0 |a Kontrola a jej úloha v boji s korupciou  |c Anton Klíma, Emília Sičáková, Martin Karchňák 
264 1 |a Bratislava  |b Róbert Vico - vydavateľstvo  |c 2001 
300 |a 46 s. 
490 1 |a Protikorupčné nástroje 
830 0 |a Protikorupčné nástroje 
610 2 0 |a kontrola 
610 2 0 |a kontrola vnútorná 
610 2 0 |a kontrola vonkajšia 
610 2 0 |a sústava kontrolná 
610 2 0 |a Slovensko 
610 2 0 |a kontrola ekonomická 
610 2 0 |a správa verejná 
610 2 0 |a správa štátna 
610 2 0 |a audítori 
610 2 0 |a porovnanie medzinárodné 
610 2 0 |a zodpovednosť 
610 2 0 |a korupcia 
610 2 0 |a kódexy etické 
610 2 0 |a sťažnosti 
100 1 |a Klíma, Anton 
700 1 |a Sičáková, Emília 
700 1 |a Karchňák, Martin